Máquinas eléctricas: estado dinámico y permanente
Сохранить в:
| Главные авторы: | , |
|---|---|
| Формат: | |
| Язык: | испанский |
| Опубликовано: |
Ciudad de México
Limusa-Wiley
1969
|
| Предметы: | |
| Метки: |
Добавить метку
Нет меток, Требуется 1-ая метка записи!
|
MARC
| LEADER | 00000nam a2200000 a 4500 | ||
|---|---|---|---|
| 001 | UCV6713 | ||
| 003 | CL-VaPUC | ||
| 008 | 930906e19690000MX |||||||||||||||||spa|d | ||
| 082 | 0 | 4 | |a 621.313 |b THA |2 21 |
| 100 | 0 | |a Thaler, George Julius |e author |9 300765 | |
| 700 | 0 | |a Wilcox, Milton L |e author |9 300766 | |
| 245 | 1 | 0 | |a Máquinas eléctricas: estado dinámico y permanente |
| 300 | |a 675 p | ||
| 942 | |c BK | ||
| 945 | |d 19930906 00:00:00 | ||
| 260 | |a Ciudad de México |b Limusa-Wiley |c 1969 | ||
| 650 | 0 | |a Máquinas eléctricas |9 260079 | |
| 583 | |a last modification |c 19930906 00:00:00 |k Rodrigo Vera | ||
| 999 | |c 212618 |d 212616 | ||
| 952 | |0 0 |1 0 |4 0 |6 621_313000000000000_THA_1969 |7 0 |8 A |9 193751 |a BIBING |b BIBING |d 2019-11-14 |i 2619113 |o 621.313 THA 1969 |p 2619113 |r 2023-03-02 |w 2019-11-14 |y BK |k EIE | ||